000 00667nam a22002172 4500
001 0000019167
005 20151217155224.0
008 101018s xx 000 0 eng d
020 _a0521347501 :
040 _aKABU
_cKABU
100 1 _aRadford, Andrew.
_@0000178022
245 1 0 _aTransformational grammar :
_ba first course /
_cAndrew Radford.
250 _a1st ed.
260 _aCambridge :
_bC. U. P.,
_c1988.
300 _axii, 625 p.
650 0 _aGenerative grammar.
_@0000157775
650 0 _aGrammar, Comparative and general
_xSyntax.
_@0000151999
852 1 _9p4030 KES
908 _a101018
950 _@1
999 _c12086
_d12086